Algoritmy na identifikáciu údajov a ich automatizovanú korekciu : Diplomová práca
Enregistré dans:
| Auteur principal: | |
|---|---|
| Autres auteurs: | |
| Format: | Manuscrit Livre |
| Langue: | slovaque |
| Publié: |
Bratislava :
STU v Bratislave FEI,
2000
|
| Sujets: | |
| Tags: |
Pas de tags, Soyez le premier à ajouter un tag!
|
MARC
| LEADER | 00000ntm a22000003a 4500 | ||
|---|---|---|---|
| 001 | stu54835 | ||
| 005 | 20160719164845.0 | ||
| 008 | 000821s2000----xo------------------slo-d | ||
| 040 | |a STU |b slo | ||
| 041 | 0 | |a slo | |
| 044 | |a xo | ||
| 100 | 1 | |a Kapralčík, Tibor |4 aut | |
| 245 | 1 | |a Algoritmy na identifikáciu údajov a ich automatizovanú korekciu : |b Diplomová práca | |
| 260 | |a Bratislava : |b STU v Bratislave FEI, |c 2000 | ||
| 300 | |a 57 s | ||
| 650 | 7 | |a automatizácia |2 stusub | |
| 700 | 1 | |a Hantuch, Igor, |d 1948- |4 ths |u E1110 |U FEI Ústav robotiky a kybernetiky |T FEI Automatizácia a regulácia |X 4943 |U E1110 |Y 57 |7 A000004943 | |